Geographic Landforms by Pictures - Statistics

General Stats
  • This quiz has been taken 43 times
  • The average score is 15 of 20
Answer Stats
Picture Hint Answer % Correct
Grand ______, USA Canyon
97%
____ Superior, USA Lake
97%
______ of Gibraltar Strait
97%
____ of Good Hope, South Africa Cape
94%
Persian ____ Gulf
94%
Amazon River, Brazil Delta
91%
Mariana ____ (Oceanic) Trench
91%
Cape Verde Archipelago
86%
Taklamakan ______, China Desert
86%
Sogne____, Norway Fjord
86%
Anticosti ______, Canada Island
83%
Vatnajökull, Iceland Glacier
80%
The Andes Mountain Range
80%
Panama Isthmus
77%
Marshall Islands Atoll
74%
Monument Valley, USA Butte
46%
Uyuni ____ ____, Bolivia Salt Flat
46%
Garabogazköl, Turkmenistan Lagoon
43%
Spurn Head, UK Spit
29%
Taal _______ Lake, The Philippines Caldera
17%
No matching quizzes found
Score Distribution
Percent of People with Each Score
Percentile by Number Answered
Your Score History
You have not taken this quiz